Paroles - libre - Angèle - Statistiques

Statistiques générales
  • Ce quiz a été pris 232 fois
  • Le résultat moyen est 228 sur 284
Statistiques - réponses
Réponse % Correct
Libre,
100%
Libre
100%
Me
100%
À
98%
A
98%
La
97%
97%
Le
96%
Voilà,
96%
Voilà
96%
Je
95%
Moi
93%
Moi,
93%
Ma
91%
Ne
91%
Suis
91%
Changé,
90%
Toi,
90%
Toi
90%
Tout
90%
Ça
89%
Ca
89%
En
89%
et
89%
Et
89%
Ces
88%
Crois-
88%
Crois
88%
Pas
87%
Pas,
87%
Se
87%
Va
87%
Bien
86%
Attention
84%
C’est
84%
Changer
84%
Fais
84%
Plus
84%
Suite
83%
J’ai
82%
Déjà
81%
Mais
81%
Connais
80%
Veux
80%
Voie,
79%
Voie
79%
Musique,
78%
Dans
77%
Genoux
76%
Ton
76%
Vivre
76%
Avant,
75%
Changera
75%
J’avais
75%
Jeu
75%
Peur
75%
Tomber
75%
Te
74%
Equilibre
73%
Ai
72%
Aujourd’hui
72%
Bas
72%
J’y
72%
Pris
72%
Fou,
71%
Fou
71%
J’étais
71%
J’etais
71%
Parlais
71%
Roue
71%
Piège
70%
Tu
70%
Devant,
69%
Goût
69%
Jamais
69%
Mettent
69%
Non
68%
Debout,
67%
Debout
67%
Oh
67%
Du
65%
Quoi?
65%
Oui,
64%
Que
64%
Tes
62%
tes
62%
Qu’ils
61%
Sur
61%
Restee
60%
Restée
60%
Un
60%
Coulisses
59%
Fort
58%
Scène,
58%
Pour
57%
Tous
57%
Larmes
56%
Sèche
54%
Trop
53%
Ange,
52%
Armes
52%
Croyais
52%
J’oublie
52%
Prise
52%
Car
51%
Contre
51%
Toutes
50%
Elles
49%
Moi-même,
48%
Sans
48%
Dressées
45%
Dérange,
44%
Derniers
43%
Temps
43%
Consacrés
40%
Lavent
38%
Fond
35%
Touché
34%
Aucun quiz correspondant
Distribution des résultats
% des personnes avec chaque résultat
Percentile par nombre de réponses
Votre historique - résultats
Vous n’avez pas pris ce quiz